| 000 | 00459nam a2200193Ia 4500 | ||
|---|---|---|---|
| 008 | 170918s9999 xx 000 0 und d | ||
| 020 | _a9780545797948 | ||
| 050 | _bS431 2013 | ||
| 100 | _aScotton, Rob | ||
| 245 | _aSplat and the cool school trip / | ||
| 245 | _cby Rob Scotton. | ||
| 260 | _aNew York : | ||
| 260 | _bScholastic, | ||
| 260 | _c2013 | ||
| 300 | _aunpaged : | ||
| 300 | _bcolored illustration ; | ||
| 300 | _c23cm. | ||
| 500 | _a290 | ||
| 999 |
_c341145 _d341145 |
||